| 000 | 01350pam a2200325 a 4500 | ||
|---|---|---|---|
| 001 | 2910010 | ||
| 005 | 20060815180049.0 | ||
| 008 | 880406s1988 caua | b 000 0 eng d | ||
| 010 | _a 88014017 | ||
| 020 | _a0803933533 | ||
| 020 | _z0803933533 (pbk.) : | ||
| 040 |
_aDLC _cDLC _dDLC |
||
| 050 | 0 | 0 |
_aH61.28 _b.M37 1988 |
| 082 | 0 | 0 |
_a300.723 _222 _bMCC |
| 100 | 1 |
_aMcCracken, Grant David, _d1951- _99953 |
|
| 245 | 1 | 4 |
_aThe Long Interview / _cGrant McCracken |
| 260 |
_aNewbury Park, CA : _bSage Publications, _c1988. |
||
| 300 |
_a88 p. : _bill. ; _c23 cm. |
||
| 440 | 0 | _99954 | |
| 490 |
_aQualitative research methods _vv. 13 |
||
| 500 | _aDonated by: dr. Shahrazad | ||
| 504 | _aBibliography: p. 78-87 | ||
| 650 | 0 |
_aSocial sciences _xResearch _xMethodology. _99955 |
|
| 650 | 0 |
_aInterviewing. _99956 |
|
| 856 | 4 | 2 |
_3Publisher description _uhttp://www.loc.gov/catdir/enhancements/fy0655/88014017-d.html |
| 856 | 4 | 1 |
_3Table of contents only _uhttp://www.loc.gov/catdir/enhancements/fy0655/88014017-t.html |
| 942 |
_2ddc _cBB |
||
| 999 |
_c13042 _d13042 |
||